| 000 | 01109nam0a22002771 4500 | ||
|---|---|---|---|
| 001 | rc\3032286 | ||
| 005 | 20250805160813.4 | ||
| 035 | _a(NLR Aleph) 007173162 | ||
| 090 |
_a7366638 _c7366638 |
||
| 100 | _a20111002d1941 |||y0rusy50 ca | ||
| 101 | 0 | _arus | |
| 102 | _aRU | ||
| 105 | _ay z ||||| | ||
| 200 | 1 |
_aОб изогенной корреляции _eТезисы к дисс. на соискание учен. степени кандидата физико-мат. наук _fСарманов, О.В. _gОтв. ред. акад. С.Н. Бернштейн _gЛенингр. гос. ун-т |
|
| 210 |
_aЛенинград _cБ. и. _d[1941] _eЛенинград _gтип. ЛГУ |
||
| 215 |
_a[4] с. _d21 см |
||
| 300 | _aБез тит. л. и обл. | ||
| 700 | 1 |
_aСарманов _bО. В. _f1916- _gОлег Васильевич |
|
| 702 | 1 |
_aБерштейн _bС. Н. _4340 |
|
| 801 | 0 |
_aRU _bNLR _gpsbo |
|
| 801 | 1 |
_aRU _bELAR _2rusmarc |
|
| 852 |
_aNLR _jМт02 Г-4/969 |
||
| 942 | _cBOOK | ||
| 945 | _aРоссийская национальная библиотека | ||
| 980 | _aNB | ||
| 980 | _aBV | ||